Perguntas do Brasil - Statistics

Estatísticas Gerais
  • Esse quiz foi jogado 53 vezes
  • A pontuação média é 4 de 8
Estatísticas das Respostas
Questão Resposta % Correto
O que está Escrito na Bandeira do Brasil? Ordem e Progresso
100%
Qual a Maior Montanha do Brasil? Pico da Neblina
79%
Quantos Municípios tem a Região Metropolitana de São Paulo 39
47%
Por quantos estados o Rio Amazonas passa? Amazonas e Pará
47%
Qual a Cidade Mais Populosa de Santa Catarina? Joinville
38%
Quantos KM tem a ponte presidente costa e silva? (Ponte Rio-Niterói) 13km
30%
Qual era a antiga capital de Alagoas Marechal Deodoro
26%
Qual é a cidade que mais recebe Turistas? São Paulo
19%
Nenhum quiz correspondente encontrado
Distribuição das Pontuações
Porcentagem de Pessoas com Cada Pontuação
Percentil de Números Respondidos
Sua Pontuação Histórica
Você não jogou esse quiz